[Event "FINAL MISTRZOSTW POLSKI JUNIOROW 2018 - GRUPA  C16"]
[Site "Jastrzebia Gora"]
[Date "1899-12-30"]
[Round "2.4"]
[White "Pacan-milej, Kosma"]
[Black "Nowak, Mikolaj"]
[Result "1-0"]
[WhiteTitle "FM"]
[BlackTitle "I++"]
[WhiteElo "2265"]
[BlackElo "2065"]

1. d4 Nf6 2. Nf3 e6 3. c4 Bb4+ 4. Bd2 Qe7 5. g3 O-O 6. Nc3 Bxc3 7. Bxc3 Ne4 8.
Qc2 Nxc3 9. Qxc3 Nc6 10. Bg2 d6 11. O-O e5 12. d5 Nb8 13. c5 Na6 14. b4 dxc5 15.
b5 e4 16. bxa6 exf3 17. Bxf3 Qd6 18. axb7 Bxb7 19. Rac1 c6 20. Qxc5 Qxc5 21. Rxc5
cxd5 22. Rb1 Ba6 23. Ra5 Bc4 24. Bxd5 Bxd5 25. Rxd5 f6 26. Rb7 Rf7 27. Rxf7 Kxf7
28. Rd7+ Kg6 29. a4 a5 30. e3 h5 31. Kg2 Ra6 32. Kf3 f5 33. Rd5 Kf6 34. h4 Kg6
35. Kf4 Kh6 36. Rxf5 g6 37. Rb5 Rf6+ 38. Ke4 Rxf2 39. Rxa5 Ra2 40. Ra7 Ra3 41.
a5 Ra1 42. Ra8 1-0

[Event "FINAL MISTRZOSTW POLSKI JUNIOROW 2018 - GRUPA  C16"]
[Site "Jastrzebia Gora"]
[Date "1899-12-30"]
[Round "2.5"]
[White "Godzwon, Iwo"]
[Black "Zolkiewski, Jakub"]
[Result "1-0"]
[WhiteTitle "k"]
[BlackTitle "I"]
[WhiteElo "2222"]
[BlackElo "1835"]

1. e4 e6 2. d4 d5 3. Nd2 Nf6 4. e5 Nfd7 5. Bd3 c5 6. c3 Nc6 7. Ne2 cxd4 8. cxd4
f6 9. exf6 Nxf6 10. O-O Bd6 11. Nf3 O-O 12. Bf4 Bxf4 13. Nxf4 Qd6 14. g3 e5 15.
dxe5 Nxe5 16. Nxe5 Qxe5 17. Qb3 Bd7 18. Rae1 Qd6 19. Be4 Kh8 20. Bg2 Bc6 21. Rd1
Qd7 22. Rd4 Rfe8 23. Rfd1 Rad8 24. Nxd5 Bxd5 25. Bxd5 Re5 26. Bf3 Re1+ 27. Rxe1
Qxd4 28. Rd1 Qb6 29. Rxd8+ Qxd8 30. Qxb7 a5 31. b4 axb4 32. Qxb4 h6 33. Qb5 Qc7
34. a4 Nd7 35. Qc6 Qxc6 36. Bxc6 Nc5 37. Bb5 Nb7 38. f4 Kg8 39. Kf2 Kf7 40. Bc6
Na5 41. Bd5+ Ke7 42. Ke3 Kd6 43. Kd4 g6 44. g4 Nc6+ 45. Bxc6 Kxc6 46. f5 gxf5
47. gxf5 1-0

[Event "FINAL MISTRZOSTW POLSKI JUNIOROW 2018 - GRUPA  C16"]
[Site "Jastrzebia Gora"]
[Date "1899-12-30"]
[Round "2.6"]
[White "Kozak, Antoni"]
[Black "Kukorowski, Jan"]
[Result "1-0"]
[WhiteTitle "k"]
[BlackTitle "I"]
[WhiteElo "2148"]
[BlackElo "1699"]

1. e4 e6 2. d4 d5 3. Nc3 Nf6 4. Bg5 Bb4 5. e5 h6 6. Be3 Ne4 7. Qg4 g6 8. a3 Bxc3+
9. bxc3 c5 10. Bd3 h5 11. Qf3 Nxc3 12. dxc5 d4 13. Bd2 Qc7 14. Qf6 Rg8 15. Nf3
Qxc5 16. O-O Nc6 17. Rfe1 Nd5 18. Qh4 Qe7 19. Bg5 Qc7 20. Nxd4 Nxd4 21. Qxd4 Bd7
22. c4 Ne7 23. Rad1 Bc6 24. Bc2 b6 25. Qf4 b5 26. Rd6 bxc4 27. Qxc4 Rc8 28. Bxe7
Kxe7 29. Qc5 Qb6 30. Rxe6+ 1-0

[Event "FINAL MISTRZOSTW POLSKI JUNIOROW 2018 - GRUPA  C16"]
[Site "Jastrzebia Gora"]
[Date "1899-12-30"]
[Round "2.7"]
[White "Iwanczuk, Krzysztof"]
[Black "Kokoszczynski, Jan"]
[Result "0-1"]
[WhiteTitle "II+"]
[BlackTitle "k"]
[WhiteElo "1655"]
[BlackElo "2108"]

1. d4 Nf6 2. Bf4 g6 3. Nc3 d5 4. e3 a6 5. h4 Bg7 6. h5 gxh5 7. Be2 Bf5 8. Bxh5
Bg6 9. Bxg6 hxg6 10. Rxh8+ Bxh8 11. Qf3 c6 12. O-O-O Nbd7 13. e4 dxe4 14. Nxe4
Nxe4 15. Qxe4 Nf6 16. Qe5 Qd5 17. Re1 Qxe5 18. Bxe5 Bg7 19. Nf3 Kf8 20. Nd2 Rd8
21. Nb3 Bh6+ 22. Kb1 Nd7 23. Bg3 Rc8 24. Rd1 Ke8 25. d5 cxd5 26. Rxd5 b6 27. c3
Nf6 28. Rd4 Nd7 29. Re4 f5 30. Re6 Kf7 31. Nd4 Bg5 32. Be5 Rc4 33. f4 Rxd4 34.
Bxd4 Kxe6 35. fxg5 Kd5 36. Kc2 e5 37. Bf2 f4 38. Kd3 e4+ 39. Ke2 e3 40. Be1 Ke4
41. c4 Ne5 42. b3 Nd3 43. Bc3 Nc1+ 44. Kd1 Nxa2 45. Be1 Kd3 46. Bh4 a5 47. Ke1
Nc1 48. Kf1 Nxb3 49. Kg1 Ke2 50. Kh2 a4 51. c5 bxc5 52. Kh1 a3 53. g4 a2 0-1

[Event "FINAL MISTRZOSTW POLSKI JUNIOROW 2018 - GRUPA  C16"]
[Site "Jastrzebia Gora"]
[Date "1899-12-30"]
[Round "2.8"]
[White "Szpar, Milosz"]
[Black "Mike, Patryk"]
[Result "1-0"]
[WhiteTitle "FM"]
[BlackTitle "I"]
[WhiteElo "2376"]
[BlackElo "1945"]

1. e4 e5 2. Nf3 Nc6 3. Bb5 a6 4. Ba4 Nf6 5. O-O Be7 6. Re1 b5 7. Bb3 d6 8. c3 O-O
9. h3 Nb8 10. d4 Nbd7 11. Nbd2 Bb7 12. Bc2 Re8 13. Nf1 Bf8 14. Ng3 g6 15. h4 h5
16. Ng5 c5 17. Bb3 c4 18. Bc2 Bg7 19. b3 Nb6 20. a4 cxb3 21. Bxb3 Nc4 22. Rb1
Qc7 23. d5 Bc8 24. Nf1 Nd7 25. Bc2 Qa5 26. Rb4 Nc5 27. axb5 axb5 28. Ne3 Nxe3
29. Rxe3 Bd7 30. Rg3 f6 31. Ne6 Bxe6 32. dxe6 Kh7 33. f4 exf4 34. Bxf4 Rxe6 35.
e5 f5 36. Rxg6 Kxg6 37. Bxf5+ Kf7 38. Qxh5+ Kg8 39. Qh7+ Kf8 40. Bxe6 Nxe6 41.
Qf5+ Ke7 42. exd6+ Kd7 43. Qf7+ Kc6 44. Qxe6 1-0

[Event "FINAL MISTRZOSTW POLSKI JUNIOROW 2018 - GRUPA  C16"]
[Site "Jastrzebia Gora"]
[Date "1899-12-30"]
[Round "2.9"]
[White "Mis, Mieszko"]
[Black "Warchol, Bartosz"]
[Result "1-0"]
[WhiteTitle "FM"]
[BlackTitle "I++"]
[WhiteElo "2306"]
[BlackElo "1969"]

1. c4 c5 2. Nf3 Nc6 3. Nc3 Nf6 4. d4 cxd4 5. Nxd4 e6 6. g3 Qb6 7. Nc2 Be7 8. Bg2
O-O 9. O-O a6 10. e4 d6 11. b3 Rd8 12. Qe2 Qc7 13. Bb2 b6 14. Rac1 Bb7 15. Ne3
Ne5 16. Rfd1 Rac8 17. Ba3 Ned7 18. Rd2 Nc5 19. f3 Bc6 20. Rcd1 Qb7 21. Nc2 Rd7
22. Nd4 Rcd8 23. Nxc6 Qxc6 24. f4 Qc7 25. f5 Bf8 26. fxe6 fxe6 27. Bh3 Re8 28.
g4 h6 29. Bb2 Nh7 30. Bg2 Be7 31. b4 Nb7 32. e5 Red8 33. exd6 Rxd6 34. Rxd6 Rxd6
35. Rxd6 Nxd6 36. Qxe6+ Kf8 37. Nd5 Qd8 38. Nf4 Nf6 39. Ng6+ Ke8 40. Bc6+ Nd7
41. Qg8+ 1-0

[Event "FINAL MISTRZOSTW POLSKI JUNIOROW 2018 - GRUPA  C16"]
[Site "Jastrzebia Gora"]
[Date "1899-12-30"]
[Round "2.10"]
[White "Golecki, Jan"]
[Black "Fus, Jakub"]
[Result "1/2-1/2"]
[WhiteTitle "I++"]
[BlackTitle "I++"]
[WhiteElo "1850"]
[BlackElo "2194"]

1. e4 e6 2. d4 d5 3. Nd2 Nf6 4. e5 Nfd7 5. Bd3 c5 6. c3 Nc6 7. Ne2 cxd4 8. cxd4
f6 9. exf6 Qxf6 10. Nf3 h6 11. O-O Bd6 12. Ng3 O-O 13. Bc2 Rd8 14. Re1 Nf8 15.
Ne5 Bd7 16. Nh5 Qh4 17. Re3 Bxe5 18. dxe5 Qd4 19. Qe2 Be8 20. Nxg7 Kxg7 21. Rg3+
Bg6 22. Qh5 Nxe5 23. Bxg6 Nfxg6 24. Qxh6+ Kf7 25. Qh7+ Ke8 26. Bg5 Rd7 27. Qg8+
Nf8 28. Bh6 Rf7 29. Re3 Qg4 30. Qh8 Neg6 31. Qg8 Ne5 32. Qh8 Ned7 33. Rae1 Ke7
34. f3 Qg6 35. Bxf8+ Raxf8 36. Qh4+ Rf6 37. Rxe6+ Kd8 38. Rd1 Kc7 39. Rxf6 Qxf6
40. Qg3+ Qf4 41. Qxf4+ Rxf4 42. Rxd5 Kc6 43. Rd2 Nc5 44. Kf2 a5 45. g4 Ne4+ 46.
Ke3 Nxd2 47. Kxf4 Kd6 48. b3 b5 49. Ke3 Nb1 50. Kd3 b4 51. h4 Ke5 52. h5 Nc3 53.
a3 Nd5 54. axb4 Nxb4+ 55. Kc4 Nc2 56. f4+ Kf6 57. g5+ Kf5 58. h6 Kg6 59. f5+ Kh7
60. f6 Kg6 61. Kb5 Nd4+ 62. Ka4 Nc6 63. Kb5 Nd4+ 64. Kxa5 Nxb3+ 65. Kb6 Nd4 66.
Kc7 Ne6+ 67. Kd7 Nxg5 1/2-1/2

[Event "FINAL MISTRZOSTW POLSKI JUNIOROW 2018 - GRUPA  C16"]
[Site "Jastrzebia Gora"]
[Date "1899-12-30"]
[Round "2.11"]
[White "Distel, Pawel"]
[Black "Lis, Mateusz"]
[Result "0-1"]
[WhiteTitle "I"]
[BlackTitle "k"]
[WhiteElo "1715"]
[BlackElo "2132"]

1. e4 c5 2. Ne2 e6 3. d4 cxd4 4. Nxd4 a6 5. Bd3 Nf6 6. Qe2 d6 7. c4 Nbd7 8. Nc3
Qc7 9. O-O Be7 10. Kh1 b6 11. f4 Bb7 12. Bd2 O-O 13. f5 e5 14. Nc2 Nc5 15. Nb4
Rac8 16. Nbd5 Bxd5 17. Nxd5 Nxd5 18. cxd5 Nxd3 19. Qxd3 Qc2 20. Qxc2 Rxc2 21.
Bc3 Bg5 22. Rae1 Rc8 23. g3 Rc4 24. Kg1 b5 25. a3 Bd8 26. Rc1 Bb6+ 27. Kh1 Rxc1
28. Rxc1 Bd4 29. Kg2 Kf8 30. Kf3 Ke7 31. Ke2 Bxc3 32. Rxc3 Rxe4+ 33. Kf3 Rd4 34.
Rc7+ Kf6 35. Rc6 Rxd5 36. Rxa6 Kxf5 37. Ra7 Ke6 38. Ke2 h5 39. Rb7 g6 40. b3 f5
41. b4 e4 42. Rg7 Kf6 43. Rb7 Rd3 44. Rxb5 Rxa3 0-1

[Event "FINAL MISTRZOSTW POLSKI JUNIOROW 2018 - GRUPA  C16"]
[Site "Jastrzebia Gora"]
[Date "1899-12-30"]
[Round "2.12"]
[White "Wierzbicki, Michal"]
[Black "Galuszka, Tomasz"]
[Result "1/2-1/2"]
[WhiteTitle "I"]
[BlackTitle "I+"]
[WhiteElo "1867"]
[BlackElo "2038"]

1. d4 d5 2. Nf3 Nf6 3. c4 c6 4. e3 Bf5 5. Nc3 e6 6. Nh4 Bg6 7. Nxg6 hxg6 8. Bd2
Nbd7 9. Rc1 Bd6 10. g3 Rc8 11. Qb3 Qb6 12. Bg2 O-O 13. Qxb6 axb6 14. cxd5 exd5
15. O-O b5 16. e4 dxe4 17. Nxe4 Nxe4 18. Bxe4 Ra8 19. a3 Nf6 20. Bf3 Ra4 21. Bc3
Re8 22. Rfe1 Rxe1+ 23. Rxe1 Ra8 24. Kf1 Rd8 25. h4 Kf8 26. g4 Be7 27. g5 Nd5 28.
Bxd5 Rxd5 29. Re4 f6 30. f4 Kf7 31. Kf2 Bd6 32. Kf3 Bc7 33. Bb4 Bd8 34. Bc3 b6
35. Re2 Bc7 36. b4 Rd6 37. Re4 Re6 38. Bd2 Rxe4 39. Kxe4 Ke6 40. Be3 f5+ 41. Kd3
Kd5 42. Bd2 Bd6 43. Be3 Bf8 44. Bg1 Ke6 45. Ke2 Bd6 46. Be3 Bc7 47. Bd2 Kd6 48.
Ke3 Bb8 49. Kd3 Kd5 50. Bc1 Bd6 51. Be3 c5 52. dxc5 bxc5 53. bxc5 Bxc5 54. Bxc5
Kxc5 55. Kc3 Kc6 56. Kc2 Kb6 57. Kb2 Kc5 58. Kc3 Kd5 59. Kd3 1/2-1/2

[Event "FINAL MISTRZOSTW POLSKI JUNIOROW 2018 - GRUPA  C16"]
[Site "Jastrzebia Gora"]
[Date "1899-12-30"]
[Round "2.13"]
[White "Dzwierzynski, Bartosz"]
[Black "Pniaczek, Marek"]
[Result "0-1"]
[WhiteTitle "I"]
[BlackTitle "CM"]
[WhiteElo "1828"]
[BlackElo "2239"]

1. d4 d5 2. c4 e6 3. Nc3 Bb4 4. cxd5 exd5 5. Qc2 Nf6 6. Bg5 h6 7. Bh4 c5 8. Nf3
g5 9. Bg3 Ne4 10. e3 Qa5 11. Rc1 Qxa2 12. Bxb8 Rxb8 13. Bb5+ Ke7 14. dxc5 Nxc3
15. bxc3 Qxc2 16. Rxc2 Bxc5 17. Ke2 a6 18. Ba4 Be6 19. Bb3 Rhd8 20. Rd1 Rd6 21.
Rcd2 Rbd8 22. Ne5 Bb6 23. Rc2 Ba5 24. Nd3 Bg4+ 25. f3 Bf5 26. Rcc1 Be6 27. Nc5
Rb6 28. Ba4 Rc8 29. Nxe6 fxe6 30. Kd3 Rc4 0-1

[Event "FINAL MISTRZOSTW POLSKI JUNIOROW 2018 - GRUPA  C16"]
[Site "Jastrzebia Gora"]
[Date "1899-12-30"]
[Round "2.14"]
[White "Musial, Tomasz"]
[Black "Paliwoda, Borys"]
[Result "1-0"]
[WhiteTitle "I++"]
[BlackTitle "I"]
[WhiteElo "2130"]
[BlackElo "1912"]

1. Nf3 e6 2. g3 d5 3. Bg2 c5 4. O-O Nc6 5. d4 cxd4 6. Nxd4 Bc5 7. Nb3 Bd6 8. c4
dxc4 9. N3d2 Bc7 10. Nxc4 Qxd1 11. Rxd1 Nf6 12. Nc3 a6 13. Na4 Bd7 14. Nc5 O-O-O
15. Bf4 Ne8 16. Bxc7 Kxc7 17. Nxb7 Kxb7 18. Na5+ Kc7 19. Rac1 Nf6 20. Nxc6 Bxc6
21. Rxc6+ Kb8 22. Rb6+ Kc8 23. Rc1+ Kd7 24. Rxa6 Rc8 25. Rd1+ Ke7 26. Ra7+ Ke8
27. b4 1-0

[Event "FINAL MISTRZOSTW POLSKI JUNIOROW 2018 - GRUPA  C16"]
[Site "Jastrzebia Gora"]
[Date "1899-12-30"]
[Round "2.15"]
[White "Pytel, Maciej"]
[Black "Posluszny, Tomasz"]
[Result "1-0"]
[WhiteTitle "I+"]
[BlackTitle "I+"]
[WhiteElo "2037"]
[BlackElo "1892"]

1. e4 c5 2. Nf3 e6 3. d4 cxd4 4. Nxd4 Nc6 5. Nc3 Qc7 6. Be3 a6 7. a3 Nf6 8. Be2
Ne5 9. f4 Nc4 10. Bc1 d6 11. Qd3 Nb6 12. O-O Nbd7 13. Bf3 Be7 14. Kh1 O-O 15.
Bd2 Re8 16. Rfe1 Bf8 17. Rad1 e5 18. Nb3 Nb6 19. f5 Bd7 20. g4 Bc6 21. g5 Nfd7
22. Bg2 f6 23. g6 h6 24. Nc1 Nc5 25. Qe2 Rac8 26. b3 Red8 27. Be3 Rd7 28. N1a2
Rcd8 29. Nb4 Kh8 30. Ncd5 Bxd5 31. Nxd5 Nxd5 32. Rxd5 Qc6 33. Red1 b6 34. Bg1
Rc8 35. Qe3 Ra7 36. Bf1 Be7 37. R1d2 Nd7 38. Bc4 Raa8 39. R5d3 Qc7 40. Be6 Rab8
41. Qe2 Re8 42. Rh3 Bf8 43. Bd5 b5 44. Be3 Nb6 45. Bf7 Re7 46. Qf2 Na8 47. Bd5
Nb6 48. Be6 Rb7 49. Bxb6 Rxb6 50. Bd5 Rb8 51. Rdd3 Rc8 52. Rc3 Qxc3 53. Rxc3 Rxc3
54. Qb6 Rec7 55. Bc4 R3xc4 56. bxc4 Rxc4 57. Qxa6 Rc5 58. Qa8 Kg8 59. Qe8 Rc7
60. Qxb5 1-0

[Event "FINAL MISTRZOSTW POLSKI JUNIOROW 2018 - GRUPA  C16"]
[Site "Jastrzebia Gora"]
[Date "1899-12-30"]
[Round "2.16"]
[White "Kopaczewski, Adam"]
[Black "Ossolinski, Ziemowit"]
[Result "1-0"]
[WhiteTitle "I+"]
[BlackTitle "I"]
[WhiteElo "1996"]
[BlackElo "1858"]

1. e4 c5 2. Nf3 e6 3. d4 cxd4 4. Nxd4 a6 5. c4 Nf6 6. Nc3 Bb4 7. Qd3 O-O 8. Bg5
h6 9. Bh4 g5 10. Bg3 d5 11. exd5 exd5 12. Be2 Bxc3+ 13. Qxc3 Ne4 14. Qc2 Qa5+
15. Kf1 Nd2+ 16. Kg1 Nxc4 17. h4 Qd2 18. Qxd2 Nxd2 19. hxg5 hxg5 20. f3 Nc4 21.
Rh5 f6 22. b3 Na5 23. f4 Nac6 24. Nxc6 Nxc6 25. fxg5 Nd4 26. Bd1 Nf5 27. Bf4 Ng7
28. Rh6 Ne6 29. Bd6 Re8 30. gxf6 Nd8 31. Bh5 Re6 32. Be7 Nf7 33. Rg6+ Kh8 34.
Rg3 Ne5 35. Kf2 Bd7 36. Rh1 Ng6 37. Rxg6 d4 38. Bg4# 1-0

[Event "FINAL MISTRZOSTW POLSKI JUNIOROW 2018 - GRUPA  C16"]
[Site "Jastrzebia Gora"]
[Date "1899-12-30"]
[Round "2.17"]
[White "Strzelecki, Maciej"]
[Black "Piekielny, Pawel"]
[Result "1-0"]
[WhiteTitle "I"]
[BlackTitle "I"]
[WhiteElo "1952"]
[BlackElo "1787"]

1. e4 e6 2. d4 d5 3. Nd2 Nf6 4. e5 Nfd7 5. Bd3 c5 6. c3 Nc6 7. Ne2 cxd4 8. cxd4
f6 9. exf6 Nxf6 10. O-O Bd6 11. Nf3 Qc7 12. h3 O-O 13. Be3 Bd7 14. Re1 Rae8 15.
Rc1 Qb8 16. Nc3 e5 17. dxe5 Nxe5 18. Nxe5 Bxe5 19. Nxd5 Nxd5 20. Bc4 Kh8 21. Bxd5
Bxb2 22. Rb1 Bc3 23. Rxb7 Qd8 24. Rf1 a6 25. Bb6 Qf6 26. a4 Bc8 27. Rc7 Qxb6 28.
Rxc3 Rd8 29. Qb3 Qa5 30. Bc6 Be6 31. Qb2 Bd7 32. Rg3 Rf6 33. Bxd7 Rxd7 34. Rc1
Rd8 35. Qb7 Rg8 36. Rc8 Rg6 37. Rxg8+ Kxg8 38. Qc8+ Kf7 39. Qd7+ Kf6 40. Rf3+
Kg5 41. g4 Qe1+ 42. Kg2 Qe4 43. Qf5+ Qxf5 44. Rxf5+ Kh4 45. Rh5# 1-0

[Event "FINAL MISTRZOSTW POLSKI JUNIOROW 2018 - GRUPA  C16"]
[Site "Jastrzebia Gora"]
[Date "1899-12-30"]
[Round "2.18"]
[White "Poziomkowski, Szymon"]
[Black "Dixa, Oskar"]
[Result "0-1"]
[WhiteTitle "I"]
[BlackTitle "I+"]
[WhiteElo "1923"]
[BlackElo "1775"]

1. e4 c5 2. Nf3 d6 3. Bb5+ Bd7 4. Bxd7+ Qxd7 5. O-O Nc6 6. c3 Nf6 7. Re1 e6 8.
d4 cxd4 9. cxd4 d5 10. e5 Ne4 11. Nbd2 Nxd2 12. Bxd2 Be7 13. Bg5 O-O 14. Bxe7
Nxe7 15. Qd3 h6 16. Nh4 Rac8 17. f4 Qc6 18. Re2 Qc4 19. Qe3 Qa4 20. Qf2 Rc7 21.
b3 Qb4 22. g4 Rfc8 23. Kg2 Rc1 24. Rxc1 Rxc1 25. f5 Rd1 26. fxe6 fxe6 27. Nf3
Nc6 28. Rc2 Nxd4 29. Rc7 Nxf3 30. Rc8+ Kh7 31. Qc2+ Qe4 32. Qxd1 Qxg4+ 33. Kf2
Qh4+ 34. Ke3 d4+ 35. Kd3 Nxe5+ 36. Kc2 Qe4+ 37. Kb2 d3 38. Rc3 Qe2+ 39. Kc1 Qxa2
40. Rxd3 Qa3+ 41. Kc2 Nxd3 42. Qxd3+ Kg8 43. Qd7 Qc5+ 44. Kb2 Qd5 45. Qc8+ Kh7
46. Qc2+ Qf5 47. Qc7 Qe4 48. Qb8 a6 49. Qc7 e5 50. Qc5 0-1

[Event "FINAL MISTRZOSTW POLSKI JUNIOROW 2018 - GRUPA  C16"]
[Site "Jastrzebia Gora"]
[Date "1899-12-30"]
[Round "3.1"]
[White "Teclaf, Pawel"]
[Black "Godzwon, Iwo"]
[Result "1/2-1/2"]
[WhiteTitle "CM"]
[BlackTitle "k"]
[WhiteElo "2386"]
[BlackElo "2222"]

1. e4 c5 2. Nf3 d6 3. d4 cxd4 4. Nxd4 Nf6 5. Nc3 g6 6. Be2 Bg7 7. O-O O-O 8. Bg5
Nc6 9. Nb3 Be6 10. Re1 Re8 11. Bf1 Nd7 12. Qd2 Nb6 13. Bh6 Bh8 14. Be3 Ne5 15.
Bxb6 Qxb6 16. Nd5 Bxd5 17. exd5 Rac8 18. c3 a5 19. Nd4 Nc4 20. Bxc4 Bxd4 21. Bf1
Bg7 22. a4 e5 23. dxe6 Rxe6 24. Bb5 Rc7 25. Rad1 Rce7 26. Rxe6 Rxe6 27. Bc4 Re7
28. g3 Bf8 29. Bd5 Qc7 30. Kg2 Qd7 31. Qc2 b5 32. axb5 Qxb5 33. Rd3 Bg7 34. b3
Re5 35. c4 Qc5 36. Qd2 Qb4 37. Qc2 Qc5 38. Qd1 Re7 39. Bf3 Be5 40. Rd5 Qa3 41.
Rb5 Qb2 42. Rd5 Qc3 43. Rd3 1/2-1/2

[Event "FINAL MISTRZOSTW POLSKI JUNIOROW 2018 - GRUPA  C16"]
[Site "Jastrzebia Gora"]
[Date "1899-12-30"]
[Round "3.2"]
[White "Kosakowski, Jakub"]
[Black "Kozak, Antoni"]
[Result "1-0"]
[WhiteTitle "FM"]
[BlackTitle "k"]
[WhiteElo "2301"]
[BlackElo "2148"]

1. e4 d6 2. d4 Nf6 3. Nc3 e5 4. Nge2 Nbd7 5. g3 Be7 6. Bg2 O-O 7. O-O c6 8. a4
b6 9. h3 Bb7 10. d5 a6 11. g4 b5 12. dxc6 Bxc6 13. Ng3 b4 14. Nd5 Bxd5 15. exd5
Ne8 16. a5 Rb8 17. Bd2 Bg5 18. Be1 Nc5 19. c3 b3 20. Ne4 Nxe4 21. Bxe4 Nf6 22.
Bb1 Qc8 23. Qd3 g6 24. Kg2 h5 25. f3 e4 26. fxe4 hxg4 27. h4 Nxe4 28. hxg5 Nxg5
29. Ra4 f5 30. Rxg4 Ne4 31. Rxg6+ Kf7 32. Qxe4 Kxg6 33. Qg4+ 1-0

[Event "FINAL MISTRZOSTW POLSKI JUNIOROW 2018 - GRUPA  C16"]
[Site "Jastrzebia Gora"]
[Date "1899-12-30"]
[Round "3.3"]
[White "Kokoszczynski, Jan"]
[Black "Pacan-milej, Kosma"]
[Result "1/2-1/2"]
[WhiteTitle "k"]
[BlackTitle "FM"]
[WhiteElo "2108"]
[BlackElo "2265"]

1. Nf3 Nf6 2. c4 c5 3. Nc3 e6 4. g3 b6 5. Bg2 Bb7 6. O-O Be7 7. b3 O-O 8. Bb2 d6
9. d4 a6 10. e3 Nbd7 11. Qe2 Qc7 12. Rac1 Ne4 13. Nxe4 Bxe4 14. Nd2 Bxg2 15. Kxg2
Qb7+ 16. Qf3 Qxf3+ 17. Nxf3 b5 18. Rfd1 bxc4 19. dxc5 Nxc5 20. Rxc4 d5 21. Rc2
Ne4 22. Ne5 Rfe8 23. f3 Nd6 24. Rdc1 f6 25. Nd3 a5 26. Nc5 Kf7 27. Kf2 Rec8 28.
Na4 Rxc2+ 29. Rxc2 Rc8 30. Rxc8 Nxc8 1/2-1/2

[Event "FINAL MISTRZOSTW POLSKI JUNIOROW 2018 - GRUPA  C16"]
[Site "Jastrzebia Gora"]
[Date "1899-12-30"]
[Round "3.4"]
[White "Szpar, Milosz"]
[Black "Polczyk, Mikolaj"]
[Result "1/2-1/2"]
[WhiteTitle "FM"]
[BlackTitle "I+"]
[WhiteElo "2376"]
[BlackElo "2051"]

1. e4 c5 2. Nf3 d6 3. d4 cxd4 4. Nxd4 Nf6 5. Nc3 Nc6 6. Bg5 e6 7. Qd2 a6 8. O-O-O
Be7 9. Bxf6 gxf6 10. f4 Nxd4 11. Qxd4 b5 12. f5 Qc7 13. fxe6 fxe6 14. Be2 Qc5
15. Qxc5 dxc5 16. Bh5+ Kf8 17. e5 f5 18. g4 b4 19. gxf5 Bg5+ 20. Kb1 bxc3 21.
f6 Bd2 22. Rhg1 Rb8 23. Rg7 Rxb2+ 24. Ka1 Rb7 25. Rdg1 Bh6 26. Rd1 Bd2 27. Rdg1
Bh6 28. Rd1 Bd2 29. Rdg1 Bh6 30. Rd1 Bd2 1/2-1/2

[Event "FINAL MISTRZOSTW POLSKI JUNIOROW 2018 - GRUPA  C16"]
[Site "Jastrzebia Gora"]
[Date "1899-12-30"]
[Round "3.5"]
[White "Lis, Mateusz"]
[Black "Mis, Mieszko"]
[Result "0-1"]
[WhiteTitle "k"]
[BlackTitle "FM"]
[WhiteElo "2132"]
[BlackElo "2306"]

1. e4 c6 2. d4 d5 3. e5 Bf5 4. Nf3 e6 5. Be2 Nd7 6. O-O Ne7 7. Be3 h6 8. Nbd2 Bh7
9. Rc1 Nf5 10. c4 Be7 11. cxd5 exd5 12. Nb3 Nxe3 13. fxe3 O-O 14. Bd3 Bxd3 15.
Qxd3 a5 16. Rce1 a4 17. Nc1 Qb6 18. Ne2 Bb4 19. Rd1 Qa6 20. Qc2 Qc4 21. Qxc4 dxc4
22. a3 Be7 23. Ng3 Rfe8 24. Nf5 Bf8 25. Nd2 b5 26. Ne4 f6 27. Ned6 Re6 28. d5
cxd5 29. Rxd5 Rxe5 30. Rxe5 Nxe5 31. Nxb5 Nd3 32. Rb1 Bc5 33. Nc7 Ra5 34. g4 Bb6
35. Ne8 Rb5 36. Ned6 Rxb2 37. Rd1 c3 38. Nc4 Rb3 39. Nxb6 c2 40. Rf1 Rxb6 0-1

[Event "FINAL MISTRZOSTW POLSKI JUNIOROW 2018 - GRUPA  C16"]
[Site "Jastrzebia Gora"]
[Date "1899-12-30"]
[Round "3.6"]
[White "Psyk, Radoslaw"]
[Black "Kulesza, Andrzej"]
[Result "1-0"]
[WhiteTitle "k++"]
[BlackTitle "I"]
[WhiteElo "2313"]
[BlackElo "1903"]

1. e4 c5 2. Nf3 d6 3. c3 Nf6 4. Be2 Nc6 5. d4 cxd4 6. cxd4 e6 7. Nc3 Be7 8. O-O
O-O 9. Bf4 Nh5 10. Be3 g6 11. d5 Nb8 12. e5 Ng7 13. Rc1 Nf5 14. Bf4 dxe5 15. Bxe5
Nd7 16. Bf4 Nb6 17. dxe6 Bxe6 18. Qc2 Bd6 19. Rfd1 Qc7 20. Bxd6 Nxd6 21. Qd2 Ndc4
22. Qh6 f6 23. b3 Ne5 24. Nd5 Qf7 25. Rc7 Nbd7 26. Nf4 Kh8 27. Nxe6 Qxe6 28. Nxe5
Rad8 29. Rdxd7 Rxd7 30. Nxg6+ Kg8 31. Qxf8# 1-0

[Event "FINAL MISTRZOSTW POLSKI JUNIOROW 2018 - GRUPA  C16"]
[Site "Jastrzebia Gora"]
[Date "1899-12-30"]
[Round "3.7"]
[White "Pniaczek, Marek"]
[Black "Strzelecki, Maciej"]
[Result "1-0"]
[WhiteTitle "CM"]
[BlackTitle "I"]
[WhiteElo "2239"]
[BlackElo "1952"]

1. e4 c5 2. Nf3 d6 3. d4 cxd4 4. Qxd4 a6 5. c4 Nc6 6. Qe3 Nf6 7. h3 g6 8. Nc3 Bg7
9. Be2 Nd7 10. O-O Nde5 11. Rd1 Nxf3+ 12. Bxf3 O-O 13. c5 Be6 14. cxd6 exd6 15.
b3 Qa5 16. Bb2 Qc5 17. Qd2 Nd4 18. Bg4 b5 19. Rac1 Bxg4 20. hxg4 Ne6 21. Nd5 Qa7
22. Bxg7 Kxg7 23. g5 Rfc8 24. Qb2+ Kg8 25. Nf6+ Kg7 26. Ng4+ Kf8 27. Rxc8+ 1-0

[Event "FINAL MISTRZOSTW POLSKI JUNIOROW 2018 - GRUPA  C16"]
[Site "Jastrzebia Gora"]
[Date "1899-12-30"]
[Round "3.8"]
[White "Fus, Jakub"]
[Black "Rogala, Milosz"]
[Result "1-0"]
[WhiteTitle "I++"]
[BlackTitle "II"]
[WhiteElo "2194"]
[BlackElo "1749"]

1. d4 d5 2. Nf3 Nf6 3. c4 c6 4. Nc3 e6 5. e3 Nbd7 6. Qc2 Be7 7. Be2 dxc4 8. Bxc4
b5 9. Be2 Bb7 10. O-O a6 11. Rd1 O-O 12. a3 c5 13. dxc5 Bxc5 14. b4 Be7 15. Bb2
Qc7 16. Rac1 Rac8 17. Qb3 Qb8 18. Nd4 Kh8 19. Rc2 Ne5 20. h3 Qa8 21. Bf1 Nc4 22.
a4 Nxb2 23. Qxb2 bxa4 24. Nxa4 Rxc2 25. Nxc2 Bc6 26. Nc5 Bxc5 27. bxc5 Rb8 28.
Qa3 a5 29. Nd4 Bd5 30. Ra1 g6 31. Qc3 Kg7 32. Rxa5 Qb7 33. Rb5 Qc7 34. Rxb8 Qxb8
35. c6 Qc7 36. Bb5 e5 37. Nf3 Bxf3 38. gxf3 Ne8 39. Qc5 Kg8 40. Bc4 Kg7 41. Qd5
Qe7 42. Kf1 Nc7 43. Qd7 Kf6 44. Qc8 Kg7 45. Kg1 Ne8 46. Bd5 Nc7 47. Bb3 Ne8 48.
h4 Nc7 49. h5 gxh5 50. Qd7 Kf6 51. Qh3 Kg7 52. Qxh5 h6 53. Kf1 Ne8 54. Bd5 Nc7
55. Qg4+ Kf8 56. Qc8+ Kg7 57. Be4 Ne6 58. Bf5 Nc7 59. Qd7 Kf6 60. Qd3 Ne8 61.
Bd7 Nc7 62. Qh7 Qd6 63. Qxh6+ Ke7 64. Qg5+ Qf6 65. Qxf6+ Kxf6 66. Ke2 Ke7 67.
Kd3 f6 68. Ke4 Na8 69. f4 Kd6 70. fxe5+ fxe5 71. Kf5 Nb6 72. f4 exf4 73. exf4
Nd5 74. Kg5 Ke7 75. f5 Nf6 76. c7 Ne4+ 77. Kf4 Kxd7 78. Kxe4 Kxc7 79. Ke5 Kd7
80. Kf6 Ke8 81. Kg7 1-0

[Event "FINAL MISTRZOSTW POLSKI JUNIOROW 2018 - GRUPA  C16"]
[Site "Jastrzebia Gora"]
[Date "1899-12-30"]
[Round "3.9"]
[White "Wierzbicki, Michal"]
[Black "Musial, Tomasz"]
[Result "1-0"]
[WhiteTitle "I"]
[BlackTitle "I++"]
[WhiteElo "1867"]
[BlackElo "2130"]

1. Nf3 Nf6 2. d4 e6 3. c4 b6 4. a3 Bb7 5. Nc3 d5 6. cxd5 Nxd5 7. Qc2 Nxc3 8. bxc3
Nd7 9. e4 c5 10. Bd3 Qc7 11. Qb1 Be7 12. O-O O-O 13. Rd1 e5 14. d5 Nf6 15. Nd2
Ne8 16. Nc4 f6 17. g3 Nd6 18. f4 Nxc4 19. Bxc4 Bd6 20. Qd3 Kh8 21. f5 Bc8 22.
Bb5 a6 23. Bc6 Bb7 24. Bxb7 Qxb7 25. c4 b5 26. Be3 Rfc8 27. Rdc1 Rab8 28. Rab1
Qd7 29. g4 g5 30. Kg2 Kg7 31. h4 h6 32. Bf2 Qb7 33. Qh3 Qf7 34. Rh1 Rh8 35. Qd3
Qd7 36. hxg5 hxg5 37. Rxh8 Kxh8 38. Rh1+ Kg8 39. Rh6 Qf7 40. Qh3 Kf8 41. Rh8+
Ke7 42. Rh7 1-0

[Event "FINAL MISTRZOSTW POLSKI JUNIOROW 2018 - GRUPA  C16"]
[Site "Jastrzebia Gora"]
[Date "1899-12-30"]
[Round "3.10"]
[White "Zolkiewski, Jakub"]
[Black "Szczurek, Krzysztof"]
[Result "0-1"]
[WhiteTitle "I"]
[BlackTitle "FM"]
[WhiteElo "1835"]
[BlackElo "2089"]

1. d4 g6 2. c4 Bg7 3. Nf3 d6 4. g3 Nf6 5. Bg2 O-O 6. O-O Nbd7 7. d5 Nb6 8. Nfd2
e6 9. dxe6 fxe6 10. Nc3 c6 11. e4 d5 12. cxd5 exd5 13. exd5 Nfxd5 14. Nxd5 Nxd5
15. Qb3 Kh8 16. Ne4 Qc7 17. Bd2 Be6 18. Nc5 Bg8 19. Qc2 Rae8 20. Rae1 Rxe1 21.
Rxe1 Bd4 22. Re2 Qg7 23. Nd3 h6 24. Nf4 Nxf4 25. Bxf4 g5 26. Be3 Bxe3 27. Rxe3
Rd8 28. Re1 Qd4 29. a3 Qd2 30. Re2 Qxc2 31. Rxc2 Rd1+ 32. Bf1 Be6 33. f3 Bh3 34.
Rf2 c5 35. f4 g4 36. a4 Kg7 37. f5 Kf6 38. Rf4 b6 39. Rf2 a6 40. b3 b5 41. Rg2
Rxf1+ 42. Kxf1 bxa4 43. bxa4 c4 44. Ke2 Bxg2 0-1